A Study of Islamic HIstory (Record no. 19995)

MARC details
000 -LEADER
fixed length control field 00262nam a22001217a 4500
082 ## - DEWEY DECIMAL CLASSIFICATION NUMBER
Classification number 297.09 ALI
100 ## - MAIN ENTRY--AUTHOR NAME
Author name Ali, K
245 ## - TITLE STATEMENT
Title A Study of Islamic HIstory
260 ## - PUBLICATION, DISTRIBUTION, ETC. (IMPRINT)
Place of publication Delhi
Name of publisher Adam Publishers
Year of publication 2014
300 ## - PHYSICAL DESCRIPTION
Number of Pages 369
650 ## - SUBJECT ADDED ENTRY--TOPICAL TERM
Topical Term Islam History
942 ## - ADDED ENTRY ELEMENTS (KOHA)
Koha item type Books
Holdings
Home library Current library Date acquired Source of acquisition Cost, normal purchase price Full call number Accession Number Koha item type
Henry Martyn Institute Library Henry Martyn Institute Library 04/06/2016 Huda Book Distributors 350.00 297.09 ALI 24949 Books
                   Copyright © 2026 | Henry Martyn Institute | Hyderabad | TS-500052 | INDIA | Implemented by hmi.edu.in
Hit-Count:

Powered by Koha